00353nam a2200121Ia 4500008004100000040001600041041001200057082001200069100003000081245004700111260005700158300001600215230917s9999||||xx |||||||||||||| ||und|| e53519aMAIN aEnglish aB R118O aRadhakrishnan, Sarvepalli 0aOccasional speeches and writings July 1959 aDelhibMinistry of Information of Broadcastingc1963 axii, 416 p.